[Event "13. Hogeschool Zeeland Tournament"]
[Site "Vlissingen NED"]
[Date "2009.08.08"]
[Round "9.42"]
[White "Riemens, Albert"]
[Black "Leinwand, Eduard"]
[Result "1/2-1/2"]
[WhiteElo "2156"]
[BlackElo "2016"]
[PlyCount "21"]
[EventDate "2009.08.01"]
[EventType "swiss"]
[EventRounds "9"]
[EventCountry "NED"]
[Source "lmi"]
[SourceDate "2009.08.01"]

1. e4 c5 2. Ne2 Nc6 3. c4 e6 4. d4 cxd4 5. Nxd4 Nf6 6. Nc3 Bb4 7. Nxc6 bxc6 8.
Bd3 e5 9. Qc2 O-O 10. O-O d6 11. a3 1/2-1/2

[Event "13. Hogeschool Zeeland Tournament"]
[Site "Vlissingen NED"]
[Date "2009.08.08"]
[Round "9.43"]
[White "Beijerinck, Nick"]
[Black "Haak, Eelco"]
[Result "1-0"]
[WhiteElo "2022"]
[BlackElo "2154"]
[PlyCount "84"]
[EventDate "2009.08.01"]
[EventType "swiss"]
[EventRounds "9"]
[EventCountry "NED"]
[Source "lmi"]
[SourceDate "2009.08.01"]

1. e4 e6 2. d4 d5 3. Nc3 Bb4 4. e5 c5 5. a3 Bxc3+ 6. bxc3 Ne7 7. Qg4 Qc7 8.
Qxg7 Rg8 9. Qxh7 cxd4 10. Ne2 Nbc6 11. f4 Bd7 12. Qd3 dxc3 13. Nxc3 a6 14. Rb1
Na5 15. h4 Nf5 16. Rh3 Nc4 17. h5 O-O-O 18. h6 Rg6 19. h7 Rh8 20. g3 Qc5 21.
Rb4 Rg7 22. Ne4 Qg1 23. Nf6 Bc6 24. g4 Rxg4 25. Nxg4 Qxg4 26. Qe2 Qg1 27. Qg2
Qxg2 28. Bxg2 Nd4 29. Kd1 a5 30. Rxc4 dxc4 31. Bxc6 Nxc6 32. f5 Nxe5 33. Bb2 f6
34. Bxe5 fxe5 35. fxe6 Kd8 36. Ke2 Ke7 37. Rh6 Kf8 38. Ke3 Kg7 39. Rh1 Kf6 40.
Ke4 Kxe6 41. Rh6+ Kf7 42. Rb6 Rxh7 1-0

[Event "13. Hogeschool Zeeland Tournament"]
[Site "Vlissingen NED"]
[Date "2009.08.08"]
[Round "9.44"]
[White "Ten Hagen, Yorick"]
[Black "Bielderman, Guy"]
[Result "1-0"]
[WhiteElo "2150"]
[BlackElo "2015"]
[PlyCount "69"]
[EventDate "2009.08.01"]
[EventType "swiss"]
[EventRounds "9"]
[EventCountry "NED"]
[Source "lmi"]
[SourceDate "2009.08.01"]

1. e4 c5 2. Nf3 g6 3. Bc4 Bg7 4. O-O Nc6 5. c3 e6 6. d4 cxd4 7. cxd4 d5 8. exd5
exd5 9. Bb5 Nge7 10. Nbd2 O-O 11. Nb3 Bg4 12. Bxc6 Nxc6 13. Be3 Qf6 14. Rc1
Bxf3 15. Qxf3 Qxf3 16. gxf3 Rac8 17. Rc5 Ne7 18. Rb5 b6 19. a4 Bf6 20. a5 Rb8
21. Bf4 Rb7 22. Nc5 a6 23. Rxb6 Rxb6 24. axb6 Bxd4 25. Bd6 Nc6 26. Bxf8 Kxf8
27. Rc1 Nb8 28. b4 Ke7 29. Rd1 Bc3 30. Rxd5 Bxb4 31. b7 a5 32. Nd7 Ke6 33. Rd4
Bd6 34. Nxb8 Bxb8 35. Rd8 1-0

[Event "13. Hogeschool Zeeland Tournament"]
[Site "Vlissingen NED"]
[Date "2009.08.08"]
[Round "9.45"]
[White "Campbell, Ian"]
[Black "Busch, Christian"]
[Result "1/2-1/2"]
[WhiteElo "2011"]
[BlackElo "2145"]
[PlyCount "73"]
[EventDate "2009.08.01"]
[EventType "swiss"]
[EventRounds "9"]
[EventCountry "NED"]
[Source "lmi"]
[SourceDate "2009.08.01"]

1. g3 Nf6 2. Bg2 d5 3. d3 c5 4. c3 Nc6 5. Qc2 e5 6. e4 dxe4 7. dxe4 Be7 8. Nf3
Qc7 9. Bg5 Be6 10. Bxf6 Bxf6 11. Nbd2 h6 12. h3 Rd8 13. O-O O-O 14. Rad1 g6 15.
Nb3 b6 16. Kh2 Bg7 17. Nh4 Rxd1 18. Rxd1 Rd8 19. Nc1 Rd6 20. b3 Qd7 21. Rxd6
Qxd6 22. Bf1 Na5 23. Ng2 f5 24. f3 Bf6 25. h4 Kg7 26. Be2 Qd8 27. Qd1 Qxd1 28.
Bxd1 b5 29. Ne2 Nc6 30. Ne3 Ne7 31. c4 b4 32. Nc1 Nc6 33. Nd3 Be7 34. Nd5 Bd6
35. Kg2 g5 36. hxg5 hxg5 37. g4 1/2-1/2

[Event "13. Hogeschool Zeeland Tournament"]
[Site "Vlissingen NED"]
[Date "2009.08.08"]
[Round "9.46"]
[White "Van Den Hoogen, Arie"]
[Black "Privitera, Franco"]
[Result "1-0"]
[WhiteElo "1854"]
[BlackElo "2131"]
[PlyCount "77"]
[EventDate "2009.08.01"]
[EventType "swiss"]
[EventRounds "9"]
[EventCountry "NED"]
[Source "lmi"]
[SourceDate "2009.08.01"]

1. e4 e6 2. d4 d5 3. Nc3 dxe4 4. Nxe4 Bd7 5. Nf3 Bc6 6. Bd3 Nd7 7. c3 Ngf6 8.
Ng3 Be7 9. O-O O-O 10. Re1 Bxf3 11. Qxf3 c5 12. dxc5 Bxc5 13. Bf4 Re8 14. Rad1
Qb6 15. Ne4 Nxe4 16. Bxe4 Nf6 17. Bxb7 Bxf2+ 18. Qxf2 Qxb7 19. b3 Rac8 20. c4
a5 21. Rd3 h5 22. Rh3 Ng4 23. Qf3 Qb4 24. Qc3 Qa3 25. Bc1 Qc5+ 26. Be3 Nxe3 27.
Qxe3 Red8 28. Qxc5 Rxc5 29. Kf2 Rd4 30. Re2 g6 31. Rc3 Kf8 32. Rec2 Ke7 33. a3
Kd6 34. b4 Re5 35. c5+ Kc6 36. b5+ Kxb5 37. c6 Rd8 38. c7 Rc8 39. Rb2+ 1-0

[Event "13. Hogeschool Zeeland Tournament"]
[Site "Vlissingen NED"]
[Date "2009.08.08"]
[Round "9.47"]
[White "Stange, Sven"]
[Black "Veldhuysen, Klaas"]
[Result "1-0"]
[WhiteElo "2130"]
[BlackElo "2013"]
[PlyCount "87"]
[EventDate "2009.08.01"]
[EventType "swiss"]
[EventRounds "9"]
[EventCountry "NED"]
[Source "lmi"]
[SourceDate "2009.08.01"]

1. d4 Nf6 2. c4 g6 3. Nc3 d5 4. Bf4 Bg7 5. e3 O-O 6. Rc1 c5 7. dxc5 Qa5 8. cxd5
Ne4 9. Nge2 Na6 10. Qa4 Qxa4 11. Nxa4 Nb4 12. Nec3 Nxc3 13. Nxc3 Bxc3+ 14. bxc3
Nxd5 15. Be5 f6 16. Bc4 Be6 17. Bd4 Rfd8 18. Be2 Rd7 19. Bb5 Rc7 20. e4 Nf4 21.
g3 Nh5 22. Ke2 Bxa2 23. c4 Bb3 24. Rc3 a6 25. Rxb3 axb5 26. cxb5 Ng7 27. Be3
Ra2+ 28. Kf3 Rc2 29. Rd1 Kf7 30. b6 Rc8 31. Rd7 Ne6 32. Rxb7 Nxc5 33. Bxc5
R2xc5 34. Ke3 Rc1 35. Ra7 Rb8 36. b7 Rc7 37. Rb6 Rd7 38. h4 e5 39. Kf3 h6 40.
Raa6 Rbxb7 41. Rxf6+ Ke7 42. Rxg6 Rb3+ 43. Kg2 Rd2 44. Rxh6 1-0

[Event "13. Hogeschool Zeeland Tournament"]
[Site "Vlissingen NED"]
[Date "2009.08.08"]
[Round "9.48"]
[White "Oosterom, Erik"]
[Black "Zilverberg, Jasper"]
[Result "1/2-1/2"]
[WhiteElo "2128"]
[BlackElo "2015"]
[PlyCount "87"]
[EventDate "2009.08.01"]
[EventType "swiss"]
[EventRounds "9"]
[EventCountry "NED"]
[Source "lmi"]
[SourceDate "2009.08.01"]

1. d4 Nf6 2. c4 c5 3. d5 b5 4. Nf3 g6 5. Nfd2 Bg7 6. e4 O-O 7. cxb5 a6 8. Nc3
d6 9. a4 Nbd7 10. f4 Ne8 11. bxa6 Bxa6 12. Bxa6 Rxa6 13. O-O Qa8 14. Nf3 Nc7
15. Kh1 Rb8 16. f5 Nb5 17. fxg6 hxg6 18. Bd2 Nxc3 19. Bxc3 Rab6 20. Qe1 Rb3 21.
Qh4 Bxc3 22. bxc3 f6 23. Qg3 Nf8 24. Nd2 R3b7 25. Qd3 Nd7 26. Nc4 Nb6 27. Nxb6
Rxb6 28. e5 Kg7 29. exf6+ exf6 30. h3 Re8 31. a5 Ra6 32. Qb5 Re7 33. Rfb1 Rea7
34. c4 Qd8 35. Re1 Rxa5 36. Rxa5 Qxa5 37. Re7+ Kh6 38. Rxa7 Qxa7 39. Qe8 Qa1+
40. Kh2 Qe5+ 41. Qxe5 fxe5 42. Kg3 Kh5 43. Kh2 Kg5 44. Kg3 1/2-1/2

[Event "13. Hogeschool Zeeland Tournament"]
[Site "Vlissingen NED"]
[Date "2009.08.08"]
[Round "9.49"]
[White "Timmermans, Mark"]
[Black "Sparreboom, Wil"]
[Result "1-0"]
[WhiteElo "2125"]
[BlackElo "1977"]
[PlyCount "81"]
[EventDate "2009.08.01"]
[EventType "swiss"]
[EventRounds "9"]
[EventCountry "NED"]
[Source "lmi"]
[SourceDate "2009.08.01"]

1. e4 e6 2. d4 d5 3. Nd2 Nf6 4. e5 Nfd7 5. f4 c5 6. c3 cxd4 7. cxd4 Nc6 8. Ndf3
Bb4+ 9. Kf2 f6 10. g3 fxe5 11. fxe5 O-O 12. Kg2 Rf7 13. Bd3 Be7 14. Nh3 Rxf3
15. Qxf3 Nxd4 16. Qh5 Nf5 17. Re1 Nc5 18. Ng5 Bxg5 19. Bxg5 Qf8 20. Bc2 h6 21.
Bd2 Bd7 22. Bb4 Be8 23. Qg4 Rc8 24. Rac1 b6 25. Bxf5 exf5 26. Qd4 Kh8 27. Re2
Bg6 28. e6 Qe7 29. Qxd5 Rd8 30. Bxc5 bxc5 31. Qxc5 Qg5 32. e7 Re8 33. Rce1 h5
34. Qe3 Qf6 35. Qe6 Qg5 36. h4 Qg4 37. Rf2 Bh7 38. Rf4 Qg6 39. Qxg6 Bxg6 40.
Rd4 Kh7 41. Rd8 1-0

[Event "13. Hogeschool Zeeland Tournament"]
[Site "Vlissingen NED"]
[Date "2009.08.08"]
[Round "9.50"]
[White "Grochal, Joey"]
[Black "Galle, Andre"]
[Result "1/2-1/2"]
[WhiteElo "2125"]
[BlackElo "1983"]
[PlyCount "36"]
[EventDate "2009.08.01"]
[EventType "swiss"]
[EventRounds "9"]
[EventCountry "NED"]
[Source "lmi"]
[SourceDate "2009.08.01"]

1. e4 e6 2. d4 d5 3. Nc3 Bb4 4. e5 c5 5. a3 Bxc3+ 6. bxc3 Ne7 7. Qg4 Qc7 8.
Qxg7 Rg8 9. Qxh7 cxd4 10. Ne2 dxc3 11. f4 Nbc6 12. Qd3 Bd7 13. Nxc3 a6 14. Rb1
Na5 15. h4 Nf5 16. Rh3 Bc6 17. h5 O-O-O 18. h6 Rg6 1/2-1/2